BASIC ATLAS OF SECTION ANATOMY WITH CORRELATED IMAGING (Record no. 775)

MARC details
000 -LEADER
fixed length control field 00349nam a2200133Ia 4500
008 - FIXED-LENGTH DATA ELEMENTS--GENERAL INFORMATION
fixed length control field 150201s2009 xx 000 0 und d
082 ## - DEWEY DECIMAL CLASSIFICATION NUMBER
Classification number 611
Item number B09B
100 ## - MAIN ENTRY--PERSONAL NAME
Personal name BO,WALTER J
245 ## - TITLE STATEMENT
Title BASIC ATLAS OF SECTION ANATOMY WITH CORRELATED IMAGING
250 ## - EDITION STATEMENT
Edition statement 4TH
260 ## - PUBLICATION, DISTRIBUTION, ETC. (IMPRINT)
Name of publisher, distributor, etc. ELSEVIER
Place of publication, distribution, etc. DELHI
Date of publication, distribution, etc. 2009
650 ## - SUBJECT ADDED ENTRY--TOPICAL TERM
Topical term or geographic name as entry element RADIOLOGY & DIAGNOSIS
942 ## - ADDED ENTRY ELEMENTS (KOHA)
Source of classification or shelving scheme Dewey Decimal Classification
Koha item type Books
Holdings
Withdrawn status Lost status Source of classification or shelving scheme Damaged status Not for loan Collection code Home library Current library Shelving location Date acquired Source of acquisition Cost, normal purchase price SGTU Bill Number Total Checkouts Full call number Barcode Date last seen Bill Date Koha item type
    Dewey Decimal Classification     MEDICAL SGT Medical Library SGT Medical Library Text Book 26/02/2010 U.B.S. DELHI 1695.00 SGTU 993   611 B09B FM3317 09/02/2015 26/02/2010 Books
    Dewey Decimal Classification     MEDICAL SGT Medical Library SGT Medical Library Text Book 26/02/2010 U.B.S. DELHI 1695.00 SGTU 993   611 B09B FM3318 09/02/2015 26/02/2010 Books